50 LANDMARK PAPERS EVERY TRAUMA SURGEON (Record no. 21989)

MARC details
000 -LEADER
fixed length control field 00366nam a22001577a 4500
003 - CONTROL NUMBER IDENTIFIER
control field SGT
020 ## - INTERNATIONAL STANDARD BOOK NUMBER
International Standard Book Number 9780367487669
082 ## - DEWEY DECIMAL CLASSIFICATION NUMBER
Classification number 617.044
Item number L20C
100 ## - MAIN ENTRY--PERSONAL NAME
Personal name COHN, STEPHEN M.
245 ## - TITLE STATEMENT
Title 50 LANDMARK PAPERS EVERY TRAUMA SURGEON
250 ## - EDITION STATEMENT
Edition statement 1ST
260 ## - PUBLICATION, DISTRIBUTION, ETC. (IMPRINT)
Place of publication, distribution, etc BOCA RATON
Name of publisher, distributor, etc CRC PRESS PUB
Year of Publication 2020
300 ## - PAGE DESCRIPTION
No. of Pages 234
650 ## - SUBJECT ADDED ENTRY--TOPICAL TERM
Topical term or geographic name as entry element PHYSIOTHERAPY
942 ## - ADDED ENTRY ELEMENTS (KOHA)
Source of classification or shelving scheme Dewey Decimal Classification
Koha item type Books
Holdings
Withdrawn status Lost status Source of classification or shelving scheme Damaged status Not for loan Collection code Home library Current library Shelving location Date acquired Vendor Name Cost, normal purchase price SGTU Bill Number Total Checkouts Full call number Accession No. (Barcode) Date last seen Bill Date Koha item type
    Dewey Decimal Classification   Not For Loan MEDICAL SGT Medical Library SGT Medical Library Reference Book 02/11/2021 ABC DELHI 1995.00 SGTU 13417   617.044 L20C FM12602 02/11/2021   Books
    Dewey Decimal Classification   Not For Loan MEDICAL SGT Medical Library SGT Medical Library Reference Book 02/11/2021 ABC DELHI 1995.00 SGTU 13417   617.044 L20C FM12603 02/11/2021   Books